[Event "BCC op 21st"]
[Site "Hua Hin"]
[Date "2024.04.14"]
[Round "2"]
[White "Lalith, Babu MR"]
[Black "Amores Gago, Javier"]
[Result "1-0"]
[WhiteElo "2508"]
[BlackElo "2141"]
[PlyCount "75"]
[EventDate "2024.04.13"]
[EventType "swiss"]
[EventRounds "9"]
[EventCountry "THA"]
[SourceTitle "CBM 219 Extra"]
[Source "ChessBase"]
[SourceDate "2024.05.31"]
[SourceVersion "1"]
[SourceVersionDate "2024.05.31"]
[SourceQuality "1"]

1. d4 d6 2. Nf3 Bg4 3. e4 e6 4. h3 Bxf3 5. Qxf3 d5 6. Qb3 b6 7. exd5 Qxd5 8. Nc3 Qxb3 9. axb3 Bb4 10. Bf4 Kd7 11. Bc4 Nf6 12. Ke2 c6 13. Na4 Ba5 14. b4 b5 15. Nc5+ Ke7 16. Rxa5 bxc4 17. Rha1 a6 18. Nxa6 Nxa6 19. Rxa6 Rxa6 20. Rxa6 Nd5 21. Be5 Rc8 22. c3 Kf8 23. Kd2 Kg8 24. Ra5 f6 25. Bg3 Kf7 26. Ra7+ Kg6 27. Kc2 h5 28. b3 cxb3+ 29. Kxb3 h4 30. Bh2 e5 31. dxe5 c5 32. Rd7 cxb4 33. Rxd5 Rxc3+ 34. Kb2 Rc8 35. Rd4 fxe5 36. Rxh4 Rd8 37. Bxe5 Kf5 38. Bxg7 1-0

[Event "Catalunya-chT Gp2"]
[Site "Barcelona"]
[Date "2020.02.08"]
[Round "4.7"]
[White "Amores Gago, Javier"]
[Black "Minguez Rodriguez, Raul"]
[Result "1/2-1/2"]
[WhiteElo "2137"]
[BlackElo "2188"]
[PlyCount "30"]
[EventDate "2020.01.18"]
[EventType "team-tourn"]
[EventRounds "7"]
[EventCountry "ESP"]
[SourceTitle "CBM 194 Extra"]
[Source "ChessBase"]
[SourceDate "2020.03.31"]
[SourceVersion "1"]
[SourceVersionDate "2020.03.31"]
[SourceQuality "1"]
[WhiteTeam "Sant Andreu"]
[BlackTeam "Colon Ateneu"]
[WhiteTeamCountry "ESP"]
[BlackTeamCountry "ESP"]

1. e4 e5 2. Nc3 Nf6 3. f4 d5 4. fxe5 Nxe4 5. d3 Bb4 6. dxe4 Qh4+ 7. Ke2 Bxc3 8. bxc3 Bg4+ 9. Nf3 dxe4 10. Qd4 Bh5 11. Ke3 Bxf3 12. gxf3 Qe1+ 13. Kf4 Qh4+ 14. Ke3 Qe1+ 15. Kf4 Qh4+ 1/2-1/2

[Event "EU-ch rapid"]
[Site "Katowice"]
[Date "2017.12.16"]
[Round "6"]
[White "Dobrowolski, Piotr"]
[Black "Amores Gago, Javier"]
[Result "1-0"]
[WhiteElo "2421"]
[BlackElo "2139"]
[PlyCount "73"]
[EventDate "2017.12.16"]
[EventType "swiss (rapid)"]
[EventRounds "11"]
[EventCountry "POL"]
[SourceTitle "CBM 182 Extra"]
[Source "ChessBase"]
[SourceDate "2018.02.23"]
[SourceVersion "1"]
[SourceVersionDate "2018.02.23"]
[SourceQuality "1"]

1. e4 d5 2. exd5 Qxd5 3. Nc3 Qa5 4. d4 Nf6 5. Nf3 Bg4 6. h3 Bh5 7. g4 Bg6 8. Ne5 e6 9. h4 Nbd7 10. Nc4 Qa6 11. h5 Be4 12. Rh3 Bb4 13. Nd2 Qd6 14. Ncxe4 Nxe4 15. c3 Nxd2 16. Qxd2 Ba5 17. Qg5 Bb6 18. Bf4 Qd5 19. Qxd5 exd5 20. Re3+ Kd8 21. h6 g6 22. 0-0-0 Re8 23. Rde1 Rxe3 24. Rxe3 Nf8 25. Bg5+ Kd7 26. Re7+ Kd6 27. Rxf7 Ne6 28. Be7+ Kc6 29. a4 a6 30. b4 Re8 31. Rxh7 Bxd4 32. cxd4 Nxd4 33. b5+ Kb6 34. Rf7 axb5 35. axb5 c6 36. h7 cxb5 37. Rf8 1-0

[Event "EU-ch blitz"]
[Site "Katowice"]
[Date "2017.12.15"]
[Round "9"]
[White "Amores Gago, Javier"]
[Black "Aleksandrov, Aleksej"]
[Result "0-1"]
[WhiteElo "2139"]
[BlackElo "2589"]
[PlyCount "76"]
[EventDate "2017.12.15"]
[EventType "swiss (blitz)"]
[EventRounds "22"]
[EventCountry "POL"]
[SourceTitle "CBM 182 Extra"]
[Source "ChessBase"]
[SourceDate "2018.02.23"]
[SourceVersion "1"]
[SourceVersionDate "2018.02.23"]
[SourceQuality "1"]

1. e4 e5 2. Nc3 Nf6 3. f4 d5 4. fxe5 Nxe4 5. d3 Nxc3 6. bxc3 d4 7. Nf3 Nc6 8. Be2 dxc3 9. 0-0 Be7 10. d4 0-0 11. Bc4 Bg4 12. Be3 a6 13. Rb1 b5 14. Bb3 Na5 15. Qd3 Nxb3 16. axb3 b4 17. Ra1 Qd7 18. Rxa6 Bf5 19. Qe2 Rxa6 20. Qxa6 Bxc2 21. Qc4 c6 22. Rf2 Be4 23. Ng5 Bxg5 24. Bxg5 Qb7 25. Qc5 Re8 26. Ra2 Bd5 27. Ra7 Qb5 28. Qe7 Qb8 29. Rb7 Qc8 30. Rc7 Qa8 31. Ra7 Qc8 32. Rc7 Qe6 33. Qxe6 fxe6 34. Kf2 Ra8 35. Ke3 h6 36. Bh4 Ra1 37. Rc8+ Kf7 38. Bg3 c2 0-1

[Event "EU-ch blitz"]
[Site "Katowice"]
[Date "2017.12.15"]
[Round "8"]
[White "Amores Gago, Javier"]
[Black "Smolka, Marcin"]
[Result "1-0"]
[WhiteElo "2139"]
[BlackElo "2178"]
[PlyCount "33"]
[EventDate "2017.12.15"]
[EventType "swiss (blitz)"]
[EventRounds "22"]
[EventCountry "POL"]
[SourceTitle "CBM 182 Extra"]
[Source "ChessBase"]
[SourceDate "2018.02.23"]
[SourceVersion "1"]
[SourceVersionDate "2018.02.23"]
[SourceQuality "1"]

1. e4 e5 2. Nc3 Nf6 3. f4 d5 4. fxe5 Nxe4 5. d3 Qh4+ 6. g3 Nxg3 7. Nf3 Qh5 8. Nxd5 Nxh1 9. Nxc7+ Kd8 10. Nxa8 Bg4 11. Bg2 Bc5 12. d4 Bxf3 13. Qxf3 Qh4+ 14. Kf1 Qxd4 15. Bg5+ Ke8 16. Nc7+ Kf8 17. Ne6+ 1-0

[Event "EU-ch blitz"]
[Site "Katowice"]
[Date "2017.12.15"]
[Round "19"]
[White "Smolin, Sergey"]
[Black "Amores Gago, Javier"]
[Result "0-1"]
[WhiteElo "2153"]
[BlackElo "2139"]
[PlyCount "138"]
[EventDate "2017.12.15"]
[EventType "swiss (blitz)"]
[EventRounds "22"]
[EventCountry "POL"]
[SourceTitle "CBM 182 Extra"]
[Source "ChessBase"]
[SourceDate "2018.02.23"]
[SourceVersion "1"]
[SourceVersionDate "2018.02.23"]
[SourceQuality "1"]

1. e4 d5 2. exd5 Qxd5 3. Nc3 Qa5 4. Bc4 Nf6 5. Nf3 Bg4 6. h3 Bh5 7. g4 Bg6 8. d3 c6 9. Bd2 Qc7 10. Qe2 Nbd7 11. 0-0-0 0-0-0 12. Kb1 e6 13. Ne4 Nb6 14. Bb3 Be7 15. Ba5 Kb8 16. Nfd2 Nfd5 17. a3 h5 18. f3 Nf4 19. Qf2 h4 20. Nc4 Nfd5 21. Rhf1 c5 22. f4 f6 23. Rde1 Qc6 24. Nxb6 axb6 25. Bd2 Rde8 26. Nc3 Bd8 27. Re2 Re7 28. Rfe1 Rhe8 29. Nxd5 exd5 30. Rxe7 Rxe7 31. f5 Bf7 32. Qxh4 c4 33. dxc4 dxc4 34. Ba2 Qd5 35. Bc3 b5 36. Qf2 Bb6 37. Qf1 Re4 38. Rxe4 Qxe4 39. a4 bxa4 40. Qd1 Qd5 41. Qxd5 Bxd5 42. Kc1 Be3+ 43. Kd1 b5 44. Ke2 Bc5 45. Kf1 Kc7 46. h4 b4 47. Be1 b3 48. cxb3 cxb3 49. Bb1 Bf3 50. Bg3+ Kd7 51. g5 Bd4 52. g6 Bxb2 53. Bd3 Bd4 54. Be2 Bxe2+ 55. Kxe2 b2 56. h5 b1Q 57. h6 Qe4+ 58. Kf1 Qf3+ 59. Ke1 Qxg3+ 60. Kd2 Qe3+ 61. Kc2 Qxh6 62. Kd3 Qe3+ 63. Kc4 Qc3+ 64. Kb5 Qc5+ 65. Kxa4 Qb6 66. Ka3 Kc6 67. Ka4 Kc5 68. Ka3 Kc4 69. Ka2 Qb2# 0-1

[Event "Catalunya-chT GpA final"]
[Site "Barcelona"]
[Date "2017.03.11"]
[Round "1.9"]
[White "Amores Gago, Javier"]
[Black "Jimenez Ruano, Adrian"]
[Result "1-0"]
[WhiteElo "2143"]
[BlackElo "2042"]
[PlyCount "83"]
[EventDate "2017.03.11"]
[EventType "team-tourn"]
[EventRounds "11"]
[EventCountry "ESP"]
[SourceTitle "CBM 177 Extra"]
[Source "ChessBase"]
[SourceDate "2017.04.27"]
[SourceVersion "1"]
[SourceVersionDate "2017.04.27"]
[SourceQuality "1"]
[WhiteTeam "Mollet"]
[BlackTeam "Cerdanyola Valles"]
[WhiteTeamCountry "ESP"]
[BlackTeamCountry "ESP"]

1. e4 c5 2. Nc3 a6 3. g3 b5 4. Bg2 Bb7 5. d3 e6 6. f4 b4 7. Nce2 d5 8. e5 Ne7 9. g4 Nec6 10. Nf3 Nd7 11. 0-0 Be7 12. Ng3 0-0 13. Qe2 Qc7 14. h4 Rac8 15. g5 a5 16. h5 Ba6 17. Bh3 g6 18. Be3 Qb7 19. Qh2 c4 20. d4 c3 21. b3 Bxf1 22. Bxf1 Rfd8 23. Bd3 Bf8 24. Kg2 Bg7 25. Qh3 Ne7 26. Rh1 Nb6 27. hxg6 hxg6 28. Qh7+ Kf8 29. Nh2 a4 30. Ng4 axb3 31. axb3 Ra8 32. Nf6 Ra2 33. Ngh5 gxh5 34. Nxh5 Nf5 35. Bxf5 exf5 36. Qxg7+ Ke8 37. g6 Rxc2+ 38. Kf3 Rd7 39. Qh8+ Ke7 40. Qf6+ Kf8 41. g7+ Kg8 42. Ng3 1-0

[Event "Catalunya-chT Gp1 final"]
[Site "Barcelona"]
[Date "2016.04.09"]
[Round "3.1"]
[White "Garcia Acosta, Roger"]
[Black "Amores Gago, Javier"]
[Result "1-0"]
[WhiteElo "2025"]
[BlackElo "2110"]
[PlyCount "39"]
[EventDate "2016.03.12"]
[EventType "team-tourn"]
[EventRounds "4"]
[EventCountry "ESP"]
[SourceTitle "EXT 2017"]
[Source "ChessBase"]
[SourceDate "2016.10.25"]
[SourceVersion "1"]
[SourceVersionDate "2016.10.25"]
[SourceQuality "1"]
[WhiteTeam "Cerdanyola Valles"]
[BlackTeam "Mollet"]
[WhiteTeamCountry "ESP"]
[BlackTeamCountry "ESP"]

1. e4 d5 2. exd5 Qxd5 3. Nc3 Qa5 4. d4 Nf6 5. Nf3 Bg4 6. h3 Bh5 7. g4 Bg6 8. Ne5 e6 9. h4 Bb4 10. Bd2 Qb6 11. h5 Qxd4 12. Nf3 Qxg4 13. hxg6 Qxg6 14. Bd3 Qg4 15. Rh4 h5 16. Rxg4 hxg4 17. Ne5 Rh1+ 18. Bf1 g3 19. fxg3 Bd6 20. Qf3 1-0

[Event "Catalunya-chT Gp1 final"]
[Site "Barcelona"]
[Date "2016.03.12"]
[Round "1.3"]
[White "Llaneza Vega, Patricia"]
[Black "Amores Gago, Javier"]
[Result "1/2-1/2"]
[WhiteElo "2174"]
[BlackElo "2110"]
[PlyCount "28"]
[EventDate "2016.03.12"]
[EventType "team-tourn"]
[EventRounds "4"]
[EventCountry "ESP"]
[SourceTitle "CBM 171 Extra"]
[Source "ChessBase"]
[SourceDate "2016.04.26"]
[SourceVersion "1"]
[SourceVersionDate "2016.04.26"]
[SourceQuality "1"]
[WhiteTeam "Foment Martinenc"]
[BlackTeam "Mollet"]
[WhiteTeamCountry "ESP"]
[BlackTeamCountry "ESP"]

1. e4 d5 2. exd5 Qxd5 3. Nc3 Qa5 4. d4 Nf6 5. Nf3 Bg4 6. h3 Bh5 7. g4 Bg6 8. Ne5 e6 9. Bd2 Qb6 10. Qf3 c6 11. 0-0-0 Bb4 12. Nxg6 hxg6 13. a3 Be7 14. Bg2 Nbd7 1/2-1/2

[Event "Sabadell Coral Colon op 10th"]
[Site "Sabadell"]
[Date "2016.02.26"]
[Round "6"]
[White "Amores Gago, Javier"]
[Black "Campos Cayuelas, Adria"]
[Result "1-0"]
[WhiteElo "2110"]
[BlackElo "1959"]
[PlyCount "101"]
[EventDate "2016.01.22"]
[EventType "swiss"]
[EventRounds "9"]
[EventCountry "ESP"]
[SourceTitle "EXT 2017"]
[Source "ChessBase"]
[SourceDate "2016.10.25"]
[SourceVersion "1"]
[SourceVersionDate "2016.10.25"]
[SourceQuality "1"]

1. e4 e6 2. d4 d5 3. exd5 exd5 4. Nf3 Bd6 5. h3 Bf5 6. c4 c6 7. Nc3 Ne7 8. c5 Bc7 9. Bd3 Nd7 10. 0-0 0-0 11. Re1 Bxd3 12. Qxd3 Re8 13. Bd2 Nf8 14. b4 a6 15. a4 Ne6 16. b5 axb5 17. axb5 Bf4 18. Rxa8 Qxa8 19. Rxe6 Bxd2 20. Rxe7 Qa1+ 21. Qf1 Qxf1+ 22. Kxf1 Rxe7 23. Nxd2 f6 24. b6 Re8 25. Nd1 Ra8 26. Ke2 Kf7 27. g3 Ra3 28. Ne3 g6 29. Nc2 Ra4 30. Kd3 Ke6 31. Kc3 Ra8 32. Kb4 Re8 33. Nb3 Kd7 34. Ne3 h5 35. Na5 Kc8 36. Kc3 Re4 37. Kd3 Re7 38. Ng2 Re8 39. Nf4 Rg8 40. Ke3 Rg7 41. Kf3 Rg8 42. Nd3 Re8 43. Nb4 Re1 44. Naxc6 bxc6 45. Nxc6 Kb7 46. Nb4 Re4 47. c6+ Ka8 48. Nxd5 Rxd4 49. Nc7+ Kb8 50. Na6+ Ka8 51. b7+ 1-0

[Event "Sabadell Coral Colon op 10th"]
[Site "Sabadell"]
[Date "2016.01.29"]
[Round "2"]
[White "Amores Gago, Javier"]
[Black "Lopez Atalaya Faine, Josep"]
[Result "1-0"]
[WhiteElo "2110"]
[BlackElo "1829"]
[PlyCount "33"]
[EventDate "2016.01.22"]
[EventType "swiss"]
[EventRounds "9"]
[EventCountry "ESP"]
[SourceTitle "EXT 2017"]
[Source "ChessBase"]
[SourceDate "2016.10.25"]
[SourceVersion "1"]
[SourceVersionDate "2016.10.25"]
[SourceQuality "1"]

1. e4 c5 2. Nc3 d6 3. g3 Nc6 4. Bg2 g6 5. d3 Bg7 6. f4 e6 7. Nf3 Nge7 8. 0-0 0-0 9. Be3 Nd4 10. e5 Nec6 11. Ne4 dxe5 12. Nxe5 Nxe5 13. fxe5 Bxe5 14. c3 Nf5 15. Bxc5 Bd6 16. Rxf5 Bxc5+ 17. Rxc5 1-0

[Event "Catalunya-chT Gp2"]
[Site "Barcelona"]
[Date "2016.01.23"]
[Round "1.3"]
[White "Amores Gago, Javier"]
[Black "Martinez Gutierrez, Bernat"]
[Result "1-0"]
[WhiteElo "2110"]
[BlackElo "2075"]
[PlyCount "52"]
[EventDate "2016.01.23"]
[EventType "team-tourn"]
[EventRounds "7"]
[EventCountry "ESP"]
[SourceTitle "CBM 170 Extra"]
[Source "ChessBase"]
[SourceDate "2016.02.25"]
[SourceVersion "1"]
[SourceVersionDate "2016.02.25"]
[SourceQuality "1"]
[WhiteTeam "Mollet"]
[BlackTeam "Sant Boi"]
[WhiteTeamCountry "ESP"]
[BlackTeamCountry "ESP"]

1. e4 c5 2. Nc3 Nc6 3. g3 g6 4. Bg2 Bg7 5. d3 e5 6. f4 d6 7. Nh3 Nge7 8. 0-0 0-0 9. f5 gxf5 10. exf5 Bxf5 11. Rxf5 Nxf5 12. Be4 Nce7 13. Qh5 d5 14. Bxf5 Nxf5 15. Qxf5 Qd6 16. Ng5 Qg6 17. Nxd5 Qh5 18. g4 Qh4 19. Be3 b6 20. Nf3 Qd8 21. Ng5 Re8 22. Qxf7+ Kh8 23. Ne6 Rxe6 24. Qxe6 Qh4 25. Rf1 h6 26. Ne7 Kh7 1-0

[Event "Sabadell Coral Colon op 10th"]
[Site "Sabadell"]
[Date "2016.01.22"]
[Round "1"]
[White "Algarte Cortes, Serafin Ramon"]
[Black "Amores Gago, Javier"]
[Result "0-1"]
[WhiteElo "1697"]
[BlackElo "2110"]
[PlyCount "80"]
[EventDate "2016.01.22"]
[EventType "swiss"]
[EventRounds "9"]
[EventCountry "ESP"]
[SourceTitle "EXT 2017"]
[Source "ChessBase"]
[SourceDate "2016.10.25"]
[SourceVersion "1"]
[SourceVersionDate "2016.10.25"]
[SourceQuality "1"]

1. e4 d5 2. exd5 Qxd5 3. d4 Nc6 4. c3 e5 5. Be3 Nf6 6. Nf3 Bg4 7. Be2 exd4 8. Bxd4 Nxd4 9. Qxd4 Bxf3 10. Bxf3 Qxd4 11. cxd4 0-0-0 12. 0-0 Rxd4 13. Nc3 c6 14. Rac1 a6 15. a3 Bd6 16. h3 Rd8 17. g3 h5 18. Kg2 h4 19. b4 Kb8 20. Ne2 Rd3 21. Ra1 hxg3 22. fxg3 Rd2 23. h4 Be5 24. Rab1 Ra2 25. Rb3 Rdd2 26. Re1 Kc7 27. Re3 Bd6 28. g4 Nd7 29. h5 f6 30. Kh3 Ne5 31. Kg2 Nd3 32. Rh1 Be5 33. h6 gxh6 34. Rxh6 Nf4+ 35. Kf1 Ra1+ 36. Kf2 Bd4 37. Rh7+ Kb6 38. Rf7 Rxa3 39. Rxf6 Bxe3+ 40. Kg3 Nxe2+ 0-1

[Event "La Pobla de Lillet op 25th"]
[Site "La Pobla de Lillet"]
[Date "2015.08.06"]
[Round "6.6"]
[White "Amores Gago, Javier"]
[Black "Vinals Rioja, Jaume"]
[Result "1/2-1/2"]
[WhiteElo "2149"]
[BlackElo "2018"]
[PlyCount "49"]
[EventDate "2015.08.01"]
[EventType "swiss"]
[EventRounds "9"]
[EventCountry "ESP"]
[SourceTitle "EXT 2024"]
[Source "ChessBase"]
[SourceDate "2023.10.10"]
[SourceVersion "1"]
[SourceVersionDate "2023.10.10"]
[SourceQuality "1"]

1. e4 d5 2. exd5 Nf6 3. d4 Nxd5 4. Nf3 g6 5. c4 Nb6 6. Nc3 Bg7 7. c5 Nd5 8. Bc4 Nxc3 9. bxc3 0-0 10. 0-0 b6 11. cxb6 cxb6 12. Bg5 Nc6 13. Qe2 Qc7 14. Rac1 e6 15. Rfe1 Bb7 16. Ba6 Bxa6 17. Qxa6 Rac8 18. Red1 Nb8 19. Qd3 Qc4 20. Qb1 Nd7 21. h4 b5 22. Nd2 Qd5 23. Ne4 Rc6 24. Be7 Rfc8 25. Bb4 1/2-1/2

[Event "La Pobla de Lillet op 25th"]
[Site "La Pobla de Lillet"]
[Date "2015.08.04"]
[Round "4.8"]
[White "Amores Gago, Javier"]
[Black "Tejero Royo, Fermin"]
[Result "0-1"]
[WhiteElo "2149"]
[BlackElo "2043"]
[PlyCount "30"]
[EventDate "2015.08.01"]
[EventType "swiss"]
[EventRounds "9"]
[EventCountry "ESP"]
[SourceTitle "EXT 2024"]
[Source "ChessBase"]
[SourceDate "2023.10.10"]
[SourceVersion "1"]
[SourceVersionDate "2023.10.10"]
[SourceQuality "1"]

1. e4 e5 2. Nf3 Nc6 3. Bc4 Nf6 4. Ng5 d5 5. exd5 b5 6. Bf1 Nd4 7. c3 Nxd5 8. Ne4 Qh4 9. Ng3 Nc6 10. Bxb5 Bb7 11. 0-0 0-0-0 12. d3 Nf4 13. Qa4 Nd4 14. Ba6 Nf3+ 15. gxf3 Nh3+ 0-1

[Event "La Pobla de Lillet op 25th"]
[Site "La Pobla de Lillet"]
[Date "2015.08.03"]
[Round "3.10"]
[White "Guasch Murtra, Josep Maria"]
[Black "Amores Gago, Javier"]
[Result "0-1"]
[WhiteElo "1955"]
[BlackElo "2149"]
[PlyCount "104"]
[EventDate "2015.08.01"]
[EventType "swiss"]
[EventRounds "9"]
[EventCountry "ESP"]
[SourceTitle "EXT 2024"]
[Source "ChessBase"]
[SourceDate "2023.10.10"]
[SourceVersion "1"]
[SourceVersionDate "2023.10.10"]
[SourceQuality "1"]

1. d4 d6 2. g3 Nf6 3. Bg2 g6 4. Bg5 Bg7 5. Nc3 0-0 6. Qd2 c6 7. Nf3 b5 8. a3 Nbd7 9. 0-0 Nb6 10. b3 Qc7 11. Bh6 a6 12. Bxg7 Kxg7 13. Nh4 Bb7 14. Rad1 a5 15. Ne4 Nxe4 16. Bxe4 f5 17. Bd3 e5 18. e3 e4 19. Be2 a4 20. b4 Bc8 21. Ng2 Be6 22. Nf4 Bf7 23. h4 Rab8 24. Qc3 Nd5 25. Nxd5 Bxd5 26. Rd2 Qe7 27. f4 exf3 28. Bxf3 Rbc8 29. Rdf2 Rfe8 30. Re1 Kg8 31. Qd2 Qe6 32. c3 Re7 33. Rff1 Rce8 34. Rf2 Bxf3 35. Rxf3 Qd5 36. Rf4 Qb3 37. Qc1 Re4 38. Rxe4 Rxe4 39. Re2 Kf7 40. Kf2 Ke6 41. Rd2 Kd7 42. Re2 Kc7 43. Rd2 Kb6 44. Kf3 h6 45. Rh2 Rg4 46. Rg2 Re4 47. Rh2 g5 48. hxg5 hxg5 49. Rh6 Qa2 50. g4 Rxg4 51. Qf1 Re4 52. Rxd6 g4+ 0-1

[Event "Catalunya-chT GpB final"]
[Site "Barcelona"]
[Date "2015.04.11"]
[Round "10.2"]
[White "Amores Gago, Javier"]
[Black "Almeida Toledano, Daniel"]
[Result "0-1"]
[WhiteElo "2148"]
[BlackElo "2295"]
[PlyCount "108"]
[EventDate "2015.03.14"]
[EventType "team-tourn"]
[EventRounds "11"]
[EventCountry "ESP"]
[SourceTitle "EXT 2016"]
[Source "ChessBase"]
[SourceDate "2015.10.08"]
[SourceVersion "1"]
[SourceVersionDate "2015.10.08"]
[SourceQuality "1"]
[WhiteTeam "Mollet"]
[BlackTeam "Foment Martinenc"]
[WhiteTeamCountry "ESP"]
[BlackTeamCountry "ESP"]

1. e4 e6 2. d4 d5 3. exd5 exd5 4. c4 Bb4+ 5. Nc3 Nf6 6. Nf3 0-0 7. Be2 Nc6 8. 0-0 Bg4 9. Be3 dxc4 10. Bxc4 Qd6 11. h3 Bh5 12. g4 Bg6 13. Nb5 Qd8 14. a3 Be7 15. Nc3 Bd6 16. Bg5 h6 17. Bh4 Be7 18. Ne5 Nxe5 19. dxe5 Ne4 20. Qxd8 Bxd8 21. Bxd8 Rfxd8 22. Nxe4 Bxe4 23. Rad1 Bf3 24. Rc1 c6 25. Rc3 Bd5 26. Bd3 Kf8 27. f4 Ke7 28. Re1 a5 29. Kf2 Kd7 30. f5 Kc7 31. Ke3 a4 32. h4 Rab8 33. Rec1 Rd7 34. Bc2 Ra8 35. h5 Ra5 36. Bd3 Kb6 37. Re1 Bb3 38. Kf4 Rad5 39. Bc4 Rd4+ 40. Re4 Rxe4+ 41. Kxe4 Bxc4 42. Rxc4 Rd1 43. Rc3 Kc7 44. Rd3 Rb1 45. g5 hxg5 46. f6 gxf6 47. Rh3 g4 48. Rh4 Rf1 49. exf6 g3 50. Rg4 Rh1 51. Rxg3 Rh4+ 52. Ke3 Kd6 53. Rg8 Rxh5 54. Re8 Re5+ 0-1

[Event "Catalunya-chT Gp2"]
[Site "Barcelona"]
[Date "2015.03.07"]
[Round "7.3"]
[White "Amores Gago, Javier"]
[Black "Dominguez Pons, Eric"]
[Result "1/2-1/2"]
[WhiteElo "2148"]
[BlackElo "2339"]
[PlyCount "87"]
[EventDate "2015.01.24"]
[EventType "team-tourn"]
[EventRounds "7"]
[EventCountry "ESP"]
[SourceTitle "EXT 2016"]
[Source "ChessBase"]
[SourceDate "2015.10.08"]
[SourceVersion "1"]
[SourceVersionDate "2015.10.08"]
[SourceQuality "1"]
[WhiteTeam "Mollet"]
[BlackTeam "Sant Andreu"]
[WhiteTeamCountry "ESP"]
[BlackTeamCountry "ESP"]

1. e4 c6 2. d4 d5 3. f3 e6 4. Nc3 Bb4 5. a3 Ba5 6. b4 Bb6 7. Be3 Ne7 8. Qd2 0-0 9. Nge2 Nd7 10. Ng3 f5 11. exf5 Nxf5 12. Nxf5 exf5 13. Be2 Bc7 14. Bg5 Nf6 15. 0-0 Be6 16. Bf4 Nh5 17. Be5 Bxe5 18. dxe5 f4 19. Na4 Qc7 20. Qd4 Rf5 21. Bd3 Qxe5 22. Qxe5 Rxe5 23. Rfe1 Re3 24. Nc5 Bc8 25. Rxe3 fxe3 26. Re1 b6 27. Nb3 Nf4 28. Rxe3 Nxd3 29. cxd3 Kf7 30. Kf2 Bd7 31. Re1 Rc8 32. g4 g6 33. h3 Rc7 34. d4 Bc8 35. f4 Ba6 36. Kg3 Bd3 37. Re5 Re7 38. Nd2 Rxe5 39. fxe5 h6 40. h4 Ke6 41. Kf4 Be2 42. Nb1 Bf1 43. Nc3 Bd3 44. Nd1 1/2-1/2

[Event "Catalunya-chT Gp2"]
[Site "Barcelona"]
[Date "2015.02.21"]
[Round "5.2"]
[White "Amores Gago, Javier"]
[Black "Armengol Comas, Joaquim"]
[Result "1/2-1/2"]
[WhiteElo "2148"]
[BlackElo "2212"]
[PlyCount "61"]
[EventDate "2015.01.24"]
[EventType "team-tourn"]
[EventRounds "7"]
[EventCountry "ESP"]
[SourceTitle "EXT 2016"]
[Source "ChessBase"]
[SourceDate "2015.10.08"]
[SourceVersion "1"]
[SourceVersionDate "2015.10.08"]
[SourceQuality "1"]
[WhiteTeam "Mollet"]
[BlackTeam "Terrassa"]
[WhiteTeamCountry "ESP"]
[BlackTeamCountry "ESP"]

1. e4 c5 2. Nc3 e6 3. Nge2 a6 4. a4 Nc6 5. g3 d5 6. exd5 exd5 7. d4 Bg4 8. Be3 Bf3 9. Rg1 Nf6 10. dxc5 Qa5 11. Qd3 Be4 12. Qd2 Nb4 13. Nd4 Bxc5 14. Nb3 Bxe3 15. fxe3 Qb6 16. Nd4 Rc8 17. Bg2 0-0 18. Ra3 Rc4 19. Bxe4 dxe4 20. Nce2 Nfd5 21. Kf2 Rfc8 22. Rc1 Qc7 23. h3 g6 24. Rb3 Qd7 25. Kg2 Qxa4 26. Ra3 Qd7 27. b3 Rxc2 28. Nxc2 Nxc2 29. Kg1 Nxa3 30. Rxc8+ Qxc8 31. Qxd5 1/2-1/2

[Event "Montcada op 22nd"]
[Site "Montcada"]
[Date "2014.06.28"]
[Round "4"]
[White "Cruz Estrada, Filemon"]
[Black "Amores Gago, Javier"]
[Result "1-0"]
[WhiteElo "2412"]
[BlackElo "2175"]
[PlyCount "77"]
[EventDate "2014.06.25"]
[EventType "swiss"]
[EventRounds "9"]
[EventCountry "ESP"]
[SourceTitle "CBM 161 Extra"]
[Source "ChessBase"]
[SourceDate "2014.08.29"]
[SourceVersion "1"]
[SourceVersionDate "2014.08.29"]
[SourceQuality "1"]

1. c4 e5 2. g3 d6 3. Nc3 f5 4. Bg2 Nf6 5. d3 Be7 6. e3 0-0 7. Nge2 Qe8 8. b4 a5 9. b5 Nbd7 10. 0-0 Nb6 11. a4 Ra7 12. Nd5 Nbxd5 13. cxd5 b6 14. f4 e4 15. Nd4 Kh8 16. Re1 Bd7 17. Bb2 Bd8 18. Qb3 exd3 19. Qxd3 Ne4 20. Qc2 Bf6 21. g4 g6 22. Re2 Qe7 23. Bf3 Re8 24. g5 Bg7 25. Kg2 Qf7 26. Rd1 Qe7 27. h4 Rb7 28. Rh1 Kg8 29. h5 Ra7 30. hxg6 hxg6 31. Ree1 Kf7 32. Rh7 Rg8 33. Reh1 Kf8 34. Ne6+ Bxe6 35. dxe6 Qxe6 36. Bxg7+ Rxg7 37. Rxg7 Kxg7 38. Qb2+ Kf8 39. Rh7 1-0

[Event "Montcada op 22nd"]
[Site "Montcada"]
[Date "2014.06.26"]
[Round "2"]
[White "Ghosh, Diptayan"]
[Black "Amores Gago, Javier"]
[Result "1-0"]
[WhiteElo "2487"]
[BlackElo "2175"]
[PlyCount "65"]
[EventDate "2014.06.25"]
[EventType "swiss"]
[EventRounds "9"]
[EventCountry "ESP"]
[SourceTitle "CBM 161 Extra"]
[Source "ChessBase"]
[SourceDate "2014.08.29"]
[SourceVersion "1"]
[SourceVersionDate "2014.08.29"]
[SourceQuality "1"]

1. d4 d6 2. Nf3 Nf6 3. g3 g6 4. Bg2 Bg7 5. c4 0-0 6. 0-0 Nc6 7. Nc3 a6 8. Bf4 Rb8 9. Rc1 Nh5 10. Be3 Bd7 11. c5 dxc5 12. d5 Na5 13. Bxc5 Nc4 14. b3 Nd6 15. Nd4 Qc8 16. Re1 Bh3 17. e4 Bxg2 18. Kxg2 Rd8 19. e5 Nf5 20. Qf3 Nxd4 21. Bxd4 c5 22. Ne2 Qd7 23. Rxc5 b6 24. Rc6 Qxd5 25. Bxb6 Qd2 26. Bxd8 Qxe1 27. Bc7 Rb5 28. a4 Rb7 29. Ba5 Qxa5 30. Rc8+ Bf8 31. Qxb7 Ng7 32. Nd4 Qxe5 33. Qa8 1-0

[Event "Sant Boi"]
[Site "Sant Boi de Llobregat"]
[Date "2014.06.06"]
[Round "8"]
[White "Esplugas Esteve, Vicenc"]
[Black "Amores Gago, Javier"]
[Result "1/2-1/2"]
[WhiteElo "2238"]
[BlackElo "2174"]
[PlyCount "54"]
[EventDate "2014.04.04"]
[EventType "tourn"]
[EventRounds "9"]
[EventCountry "ESP"]
[EventCategory "3"]
[SourceTitle "CBM 160 Extra"]
[Source "ChessBase"]
[SourceDate "2014.07.01"]
[SourceVersion "1"]
[SourceVersionDate "2014.07.01"]
[SourceQuality "1"]

1. d4 Nf6 2. c4 g6 3. Nc3 Bg7 4. e4 d6 5. Nge2 0-0 6. Ng3 c6 7. Be2 a6 8. 0-0 b5 9. a3 Nbd7 10. Be3 Rb8 11. cxb5 cxb5 12. Qd2 Nb6 13. Bh6 Nc4 14. Bxc4 bxc4 15. Bxg7 Kxg7 16. Rac1 Qa5 17. Rc2 Bd7 18. h3 Rb3 19. e5 dxe5 20. dxe5 Qxe5 21. Re1 Qd6 22. Nce4 Nxe4 23. Nxe4 Qxd2 24. Rxd2 Rd3 25. Rxd3 cxd3 26. Rd1 Bb5 27. b3 Rd8 1/2-1/2